La Quila : cuaderno de historia del teatro. nº 1 /
Guardat en:
| Autor principal: | |
|---|---|
| Altres autors: | |
| Format: | Electrònic eBook |
| Idioma: | espanyol |
| Publicat: |
Río Negro, Argentina :
Editorial UNRN,
2014.
|
| Matèries: | |
| Accés en línia: | Digitalia Hispánica |
| Etiquetes: |
Afegir etiqueta
Sense etiquetes, Sigues el primer a etiquetar aquest registre!
|
MARC
| LEADER | 00000nam a2200000Ii 4500 | ||
|---|---|---|---|
| 001 | DIGEDUNRN0043 | ||
| 003 | NyNyDIG | ||
| 006 | m o d | ||
| 007 | cr ||||||||||| | ||
| 008 | 250516s2014 ag a ob 000 0 spa d | ||
| 035 | |a (OCoLC)1521126405 | ||
| 040 | |a DGITA |b eng |e rda |e pn |c DGITA | ||
| 020 | |a 9789878258867 |q eBook | ||
| 020 | |z 9789873667053 | ||
| 043 | |a s-ag--- | ||
| 050 | 1 | 4 | |a PN2309.A7 ebook |
| 245 | 0 | 3 | |a La Quila : |b cuaderno de historia del teatro. |n nº 1 / |c Beatriz Rosa Ávila [and 11 others] ; Mauricio Tossi, compilador. |
| 264 | 1 | |a Río Negro, Argentina : |b Editorial UNRN, |c 2014. | |
| 300 | |a 1 online resource : |b illustrations. | ||
| 336 | |a text |b txt |2 rdacontent | ||
| 337 | |a computer |b c |2 rdamedia | ||
| 338 | |a online resource |b cr |2 rdacarrier | ||
| 347 | |a text file |2 rdaft | ||
| 347 | |b PDF | ||
| 504 | |a Includes bibliographical references. | ||
| 588 | 0 | |a Online resource; title from PDF title page (Digitalia, viewed May 16, 2025) | |
| 650 | 0 | |a Theater |z Argentina |x History. | |
| 700 | 1 | |a Ávila, Beatriz Rosa, |e author. | |
| 700 | 1 | |a Tossi, Mauricio, |e editor. | |
| 776 | 0 | 8 | |i Print version: |t Quila : cuaderno de nistoria del teatro. nº1. |d Río Negro, Argentina : Editorial UNRN, 2014 |z 9789873667053 |
| 791 | 2 | |a Digitalia (Firm), |e distributor. | |
| 793 | 0 | |g Digitalia eBook Collection: |a Editorial UNRN | |
| 856 | 4 | 0 | |3 Digitalia Hispánica |u https://digitalia.unach.elogim.com/a/173233/ |
| 910 | |a Premium collection: 2025 | ||